000 00483nam a2200181Ia 4500
001 18696
005 20260306171649.0
008 260306s9999||||xx |||||||||||||| ||und||
041 _aESP
082 _a658.5
_bA57A
100 _aAnaya Tejero, Julio Juan
_eAUT
245 0 _aEl diagnóstico logístico:
_buna metodología para promover mejoras competitivas
260 _c2014
300 _a222 páginas :
_c24 cm.
650 _aGEN
654 _aCAN
942 _cLIB
_dJUS
_fJUS
_2ddc
_n
999 _c18696
_d18696